Religion Quiz

Random Religion or Bible Quiz

Things That Are, Or Are Not, In The Bible Quiz Stats

 Plays Quiz not verified by Sporcle

Score 0/25 Timer 04:00
0 Plays Today
Is this is the Bible? Y or N % Correct
'To every thing there is a season, and a time to every purpose under the heaven'???
91.5%
Satan tempts Eve with an apple from the Tree of Knowledge???
88.7%
'Love the sinner, hate the sin'???
72.6%
'So now faith, hope, and love abide, these three; but the greatest of these is love.'???
72.6%
'The strong person is not he who has physical strength but the person is strong if he can control his anger.”???
71.7%
'The wages of sin is death'???
71.7%
'It’s better to give than to receive'???
70.8%
'All have sinned and fall short of the glory of God.'???
69.8%
'Those who know it do not speak. Those who speak about it do not know.'???
68.9%
'Whoever blasphemes the name of the Lord is to be put to death'???
68.9%
'God helps those who help themselves.' ???
67.9%
'Greater love has no one than this: to lay down one’s life for one’s friends.'???
67.9%
The Seven Deadly Sins???
67.9%
Is this is the Bible? Y or N % Correct
The Golden Rule???
67%
People committing suicide (besides Judas)???
67%
'Cleanliness is next to godliness.'???
66%
'Those who understand others are clever, those who understand themselves are wise'???
66%
'Do not permit a woman to teach or to assume authority over a man, she must be quiet.'???
63.2%
Noah taking birds on to the Ark???
62.3%
'A house divided against itself cannot stand'???
47.2%
The Three Wisemen???
43.4%
'Spare the rod and spoil the child.'???
42.5%
'O you who have believed, seek help through patience and prayer. Indeed, God is with the patient.'???
39.6%
A word that starts with the letter X (in the King James Version)???
39.6%
Ben Hur???
28.3%

You're not logged in!

Compare scores with friends on all Sporcle quizzes.
OR
Log In

Show Comments

Extras

Top Quizzes Today


Score Distribution

Your Account Isn't Verified!

In order to create a playlist on Sporcle, you need to verify the email address you used during registration. Go to your Sporcle Settings to finish the process.

Report this User

Report this user for behavior that violates our Community Guidelines.

Details: